[Event "Warsaw YMCA Spring-C 215th"]
[Site "Warsaw"]
[Date "2019.06.18"]
[Round "11"]
[White "Budrewicz, Henryk"]
[Black "Wiktorowski, Janusz"]
[Result "0-1"]
[WhiteElo "1414"]
[BlackElo "1378"]
[PlyCount "78"]
[EventDate "2019.04.10"]
[EventType "tourn"]
[EventRounds "11"]
[EventCountry "POL"]
[SourceTitle "CBM 195 Extra"]
[Source "ChessBase"]
[SourceDate "2020.05.31"]
[SourceVersion "1"]
[SourceVersionDate "2020.05.31"]
[SourceQuality "1"]

1. d4 d5 2. Bf4 Nf6 3. e3 Bf5 4. Bd3 e6 5. Nf3 Bxd3 6. Qxd3 Nc6 7. c3 h6 8. h3 Bd6 9. Ne5 Bxe5 10. Bxe5 0-0 11. Nd2 Nxe5 12. dxe5 Nd7 13. f4 Qh4+ 14. Kf1 f6 15. Qg6 fxe5 16. Qxe6+ Rf7 17. Nf3 Qg3 18. Qxd5 exf4 19. exf4 Nf6 20. Qc4 b5 21. Qxb5 Re8 22. Re1 Rxe1+ 23. Nxe1 Ne4 24. Qe8+ Rf8 25. Qxe4 Rxf4+ 26. Qf3 Rxf3+ 27. Nxf3 Qf4 28. Kf2 Qc4 29. Ra1 Qd3 30. Re1 Qa6 31. a3 Qb6+ 32. Re3 Qxb2+ 33. Kg3 Qxa3 34. h4 a5 35. h5 Qd6+ 36. Ne5 a4 37. Kf2 Qd2+ 38. Kf3 a3 39. Ng6 Qxe3+ 0-1

[Event "Warsaw YMCA Spring-C 215th"]
[Site "Warsaw"]
[Date "2019.05.22"]
[Round "7"]
[White "Budrewicz, Henryk"]
[Black "Rak, Jacek"]
[Result "0-1"]
[WhiteElo "1414"]
[BlackElo "1552"]
[PlyCount "72"]
[EventDate "2019.04.10"]
[EventType "tourn"]
[EventRounds "11"]
[EventCountry "POL"]
[SourceTitle "CBM 195 Extra"]
[Source "ChessBase"]
[SourceDate "2020.05.31"]
[SourceVersion "1"]
[SourceVersionDate "2020.05.31"]
[SourceQuality "1"]

1. d4 g6 2. Bf4 Bg7 3. e3 d6 4. Nf3 Nd7 5. c3 e5 6. dxe5 dxe5 7. Bg3 Nh6 8. h3 0-0 9. Bc4 Nf5 10. Bh2 Nd6 11. Be2 b6 12. 0-0 Bb7 13. Nbd2 f5 14. Qb3+ Kh8 15. Rfd1 Nc5 16. Qc2 Qe7 17. Nc4 Nxc4 18. Bxc4 Bxf3 19. gxf3 Qg5+ 20. Kh1 Qh5 21. Kg2 f4 22. b4 fxe3 23. f4 exf4 24. f3 Nb7 25. Bd5 Rab8 26. Be4 Qg5+ 27. Kh1 Qf6 28. Rac1 Nd6 29. Bd3 Qe6 30. Kg2 Nf5 31. Bxf5 Rxf5 32. h4 Qe7 33. Kh1 Qxh4 34. Rg1 Qh3 35. Qe2 Rd8 36. Rc2 Rfd5 0-1

[Event "Warsaw YMCA Spring-C 215th"]
[Site "Warsaw"]
[Date "2019.04.25"]
[Round "3"]
[White "Budrewicz, Henryk"]
[Black "Kuznik, Kamil"]
[Result "0-1"]
[WhiteElo "1414"]
[BlackElo "1530"]
[PlyCount "132"]
[EventDate "2019.04.10"]
[EventType "tourn"]
[EventRounds "11"]
[EventCountry "POL"]
[SourceTitle "CBM 195 Extra"]
[Source "ChessBase"]
[SourceDate "2020.05.31"]
[SourceVersion "1"]
[SourceVersionDate "2020.05.31"]
[SourceQuality "1"]

1. d4 d5 2. e3 Nf6 3. Bd3 c5 4. c3 Bg4 5. Nf3 e6 6. Nbd2 Bd6 7. dxc5 Bxc5 8. Qa4+ Nbd7 9. Ne5 Bh5 10. g4 Bg6 11. Bb5 a6 12. Bxd7+ Nxd7 13. Nxd7 Qxd7 14. Qd1 h5 15. b4 Be7 16. Bb2 hxg4 17. Qxg4 Rh4 18. Qg3 0-0-0 19. Nf3 Rh5 20. Ne5 Qa4 21. Nxg6 fxg6 22. Qxg6 Rg5 23. Qxe6+ Rd7 24. Kd2 Rg2 25. Qf5 Rg5 26. Qc2 Qxc2+ 27. Kxc2 Rg2 28. Raf1 Bh4 29. Kd3 Bxf2 30. Bc1 Bh4 31. Rf4 Bg5 32. Rf8+ Kc7 33. a3 Re7 34. h4 Bh6 35. Rh3 Rg1 36. Bd2 Ra1 37. Rhf3 Rxa3 38. R3f7 Rxf7 39. Rxf7+ Kc6 40. Be1 Ra2 41. Bg3 Rg2 42. Bf4 Rg6 43. h5 Re6 44. Bxh6 Rxh6 45. Rf5 Re6 46. Rg5 Rh6 47. Rg6+ Rxg6 48. hxg6 Kd6 49. Kd4 b5 50. e4 dxe4 51. Kxe4 Ke6 52. Kd4 Kf6 53. Kc5 Kxg6 54. Kb6 Kf6 55. Kxa6 g5 56. Kxb5 g4 57. Kc6 g3 58. b5 g2 59. b6 g1Q 60. b7 Qg3 61. c4 Ke7 62. c5 Kd8 63. Kb6 Qc7+ 64. Ka7 Qxc5+ 65. Kb8 Qb6 66. Ka8 Kc7 0-1

[Event "Warsaw YMCA Spring-C 215th"]
[Site "Warsaw"]
[Date "2019.04.17"]
[Round "2"]
[White "Jaworowski, Andre"]
[Black "Budrewicz, Henryk"]
[Result "1/2-1/2"]
[WhiteElo "1376"]
[BlackElo "1414"]
[PlyCount "48"]
[EventDate "2019.04.10"]
[EventType "tourn"]
[EventRounds "11"]
[EventCountry "POL"]
[SourceTitle "CBM 195 Extra"]
[Source "ChessBase"]
[SourceDate "2020.05.31"]
[SourceVersion "1"]
[SourceVersionDate "2020.05.31"]
[SourceQuality "1"]

1. Nf3 c6 2. d4 d6 3. c4 Qc7 4. Bf4 Bg4 5. Nbd2 Nd7 6. h3 Bh5 7. g4 Bg6 8. Nh4 e5 9. Nxg6 hxg6 10. dxe5 dxe5 11. Bg3 Rd8 12. a3 Nc5 13. Bg2 Nf6 14. Qc2 Bd6 15. 0-0 a5 16. Rac1 0-0 17. Nb3 Nfd7 18. Rfd1 Nxb3 19. Qxb3 Nc5 20. Qc2 a4 21. Bh4 Be7 22. Bxe7 Qxe7 23. Rxd8 Rxd8 24. Rd1 Nb3 1/2-1/2

[Event "Warsaw YMCA Winter-C 211st"]
[Site "Warsaw"]
[Date "2019.03.13"]
[Round "11"]
[White "Szumigaj, Marcin"]
[Black "Budrewicz, Henryk"]
[Result "1-0"]
[WhiteElo "1418"]
[BlackElo "1412"]
[PlyCount "71"]
[EventDate "2019.01.09"]
[EventType "tourn"]
[EventRounds "13"]
[EventCountry "POL"]
[SourceTitle "EXT 2021"]
[Source "ChessBase"]
[SourceDate "2020.10.23"]
[SourceVersion "1"]
[SourceVersionDate "2020.10.23"]
[SourceQuality "1"]

1. c4 e5 2. Nc3 c5 3. Nf3 Nc6 4. g3 Nf6 5. Bg2 Be7 6. 0-0 0-0 7. d3 d6 8. Rb1 h6 9. a3 a5 10. Bd2 Nh7 11. Nd5 Bg5 12. b4 Bxd2 13. Qxd2 axb4 14. axb4 Re8 15. b5 Ne7 16. Nxe7+ Qxe7 17. Rfd1 Be6 18. Qb2 Nf6 19. Nd2 Ra4 20. Ra1 Rea8 21. Rxa4 Rxa4 22. Ra1 Rxa1+ 23. Qxa1 Kh7 24. Qa7 Bc8 25. Qb8 Qd7 26. Nb3 Ng8 27. Na5 Ne7 28. Nxb7 Bxb7 29. Bxb7 f5 30. b6 Qa4 31. Qxd6 Ng6 32. Bf3 Qd1+ 33. Kg2 e4 34. Bh5 Nh8 35. b7 exd3 36. Qxd3 1-0

[Event "Warsaw YMCA Winter-C 211st"]
[Site "Warsaw"]
[Date "2019.03.05"]
[Round "10"]
[White "Budrewicz, Henryk"]
[Black "Wiktorowski, Janusz"]
[Result "1-0"]
[WhiteElo "1412"]
[BlackElo "1436"]
[PlyCount "93"]
[EventDate "2019.01.09"]
[EventType "tourn"]
[EventRounds "13"]
[EventCountry "POL"]
[SourceTitle "EXT 2021"]
[Source "ChessBase"]
[SourceDate "2020.10.23"]
[SourceVersion "1"]
[SourceVersionDate "2020.10.23"]
[SourceQuality "1"]

1. d4 d5 2. Bf4 Nf6 3. e3 e6 4. Bd3 c5 5. c3 c4 6. Bc2 Bd6 7. Bg3 Nc6 8. f4 Bd7 9. Nd2 h5 10. Bh4 Be7 11. h3 g6 12. Ngf3 Nh7 13. Bg3 f5 14. 0-0 h4 15. Bh2 Bd6 16. Ne5 Qf6 17. Nxd7 Kxd7 18. Nf3 g5 19. Ne5+ Bxe5 20. dxe5 Qe7 21. Qe2 Rhg8 22. Kh1 g4 23. Rad1 Kc7 24. b4 b5 25. a4 a6 26. axb5 axb5 27. Ra1 g3 28. Bg1 Kb7 29. Rfd1 Rgc8 30. Qf3 Nf8 31. Bxf5 exf5 32. Qxd5 Qc7 33. Qxb5+ Qb6 34. Qxb6+ Kxb6 35. e4+ Kb7 36. exf5 Re8 37. Bc5 Rxa1 38. Rxa1 Nd7 39. Bd6 Ndxe5 40. fxe5 Nxe5 41. Re1 Kc6 42. Rxe5 Ra8 43. Ra5 Re8 44. Be5 Rf8 45. f6 Rd8 46. Rc5+ Kb7 47. Bd4 1-0

[Event "Warsaw YMCA Winter-C 211st"]
[Site "Warsaw"]
[Date "2019.01.30"]
[Round "4"]
[White "Budrewicz, Henryk"]
[Black "Wyczesany, Dariusz"]
[Result "0-1"]
[WhiteElo "1412"]
[BlackElo "1428"]
[PlyCount "100"]
[EventDate "2019.01.09"]
[EventType "tourn"]
[EventRounds "13"]
[EventCountry "POL"]
[SourceTitle "EXT 2021"]
[Source "ChessBase"]
[SourceDate "2020.10.23"]
[SourceVersion "1"]
[SourceVersionDate "2020.10.23"]
[SourceQuality "1"]

1. d4 g6 2. e3 Bg7 3. f4 f5 4. Nf3 Nf6 5. Nbd2 a5 6. c4 0-0 7. Bd3 e6 8. Qe2 d5 9. 0-0 Nbd7 10. c5 Ne4 11. Ne5 Nxe5 12. fxe5 Bd7 13. a4 b6 14. Nb3 Qe8 15. Bb5 bxc5 16. dxc5 Bxe5 17. Bxd7 Qxd7 18. Qc2 Rfb8 19. Nd4 Rb4 20. Nf3 Bg7 21. Ra2 Rc4 22. Qb3 Nxc5 23. Qd1 Rxa4 24. Ra3 Rb8 25. Nd4 Rxa3 26. bxa3 a4 27. Bd2 Nb3 28. Be1 c5 29. Nc2 d4 30. exd4 cxd4 31. Bb4 Rc8 32. Bd2 Qd5 33. Nb4 Qb5 34. h3 e5 35. g3 e4 36. Bf4 e3 37. Re1 Rc1 38. Qxc1 Nxc1 39. Rxc1 h6 40. Rc8+ Kh7 41. Rc7 g5 42. Bd6 Qb6 43. Rc6 Qd8 44. Kf1 Bf8 45. Rc7+ Kg8 46. Be5 d3 47. Nc6 e2+ 48. Kf2 Bc5+ 49. Kg2 Qd5+ 50. Kh2 Bg1+ 0-1

[Event "Warsaw YMCA Winter-C 211st"]
[Site "Warsaw"]
[Date "2019.01.23"]
[Round "3"]
[White "Muck, Piotr"]
[Black "Budrewicz, Henryk"]
[Result "0-1"]
[WhiteElo "1482"]
[BlackElo "1412"]
[PlyCount "79"]
[EventDate "2019.01.09"]
[EventType "tourn"]
[EventRounds "13"]
[EventCountry "POL"]
[SourceTitle "EXT 2021"]
[Source "ChessBase"]
[SourceDate "2020.10.23"]
[SourceVersion "1"]
[SourceVersionDate "2020.10.23"]
[SourceQuality "1"]

1. d4 e6 2. Nf3 d5 3. c4 c6 4. Nc3 g6 5. Bg5 Be7 6. Bxe7 Qxe7 7. e3 f5 8. Bd3 Nf6 9. 0-0 0-0 10. Rc1 Nbd7 11. Qb3 Ne4 12. Rfd1 Qf6 13. Nd2 Qg5 14. f4 Qh4 15. g3 Nxg3 16. Nf3 Qg4 17. Kf2 Ne4+ 18. Bxe4 fxe4 19. Ng1 g5 20. Nce2 gxf4 21. Nxf4 e5 22. dxe5 Nxe5 23. h3 Qh4+ 24. Ke2 dxc4 25. Rxc4 Be6 26. Rxe4 Bxb3 27. axb3 Ng6 28. Nf3 Nxf4+ 29. exf4 Qh5 30. Rg1+ Kh8 31. Rg5 Qxh3 32. Ne5 Qh2+ 33. Kf3 Qh1+ 34. Rg2 Rad8 35. Ree2 Qh5+ 36. Rg4 Rd4 37. Kg3 Rfxf4 38. Rxf4 Rxf4 39. Re3 Qh4+ 40. Kg2 0-1

[Event "Warsaw YMCA Autumn-C 207th"]
[Site "Warsaw"]
[Date "2018.11.07"]
[Round "8"]
[White "Budrewicz, Henryk"]
[Black "Szumigaj, Marcin"]
[Result "1-0"]
[WhiteElo "1465"]
[BlackElo "1427"]
[PlyCount "108"]
[EventDate "2018.09.18"]
[EventType "tourn"]
[EventRounds "13"]
[EventCountry "POL"]
[SourceTitle "EXT 2021"]
[Source "ChessBase"]
[SourceDate "2020.10.23"]
[SourceVersion "1"]
[SourceVersionDate "2020.10.23"]
[SourceQuality "1"]

1. d4 Nf6 2. e3 d5 3. Bd3 Nc6 4. f4 Bg4 5. Nf3 Nb4 6. Be2 e6 7. c3 Nc6 8. Bd3 Bd6 9. Nbd2 Ne7 10. 0-0 c6 11. a4 Qc7 12. Qe2 h5 13. b4 b6 14. Bb2 h4 15. Qf2 Bf5 16. Bxf5 Nxf5 17. Ne5 Bxe5 18. fxe5 Ng4 19. Qf4 Ngxe3 20. Rf3 Qe7 21. Rxe3 Nxe3 22. Qxe3 b5 23. a5 Kd7 24. Rf1 Raf8 25. Nf3 f5 26. exf6 gxf6 27. Bc1 Rfg8 28. Qf2 Rg4 29. h3 Rgg8 30. Bf4 Qg7 31. Kh1 Rh5 32. Rg1 Qh7 33. Qe2 Rf5 34. Bh2 Qh5 35. Re1 Qf7 36. Nxh4 Rfg5 37. Rg1 Qh7 38. Nf3 R5g7 39. Qd2 Qe4 40. Qf4 Qxf4 41. Bxf4 Rh8 42. Kh2 Rh5 43. g4 Rh8 44. g5 Rgh7 45. Rg3 fxg5 46. Ne5+ Ke8 47. Bxg5 Rh5 48. Nxc6 Rf8 49. Kg2 Rh7 50. Ne5 Rf5 51. h4 Rh8 52. Rf3 Rhf8 53. Rxf5 Rxf5 54. a6 Rf7 1-0

[Event "Warsaw YMCA Autumn-C 207th"]
[Site "Warsaw"]
[Date "2018.10.10"]
[Round "4"]
[White "Budrewicz, Henryk"]
[Black "Rak, Jacek"]
[Result "0-1"]
[WhiteElo "1465"]
[BlackElo "1428"]
[PlyCount "118"]
[EventDate "2018.09.18"]
[EventType "tourn"]
[EventRounds "13"]
[EventCountry "POL"]
[SourceTitle "EXT 2021"]
[Source "ChessBase"]
[SourceDate "2020.10.23"]
[SourceVersion "1"]
[SourceVersionDate "2020.10.23"]
[SourceQuality "1"]

1. d4 g6 2. e3 Bg7 3. f4 b6 4. Nf3 Bb7 5. Nbd2 f5 6. c4 Nf6 7. Be2 d6 8. 0-0 e6 9. b4 0-0 10. Bb2 Nbd7 11. Qb3 c5 12. dxc5 dxc5 13. b5 Qe7 14. Rad1 Rfd8 15. Ne5 Nxe5 16. Bxe5 Rd7 17. Nf3 Rad8 18. Rxd7 Rxd7 19. Rd1 h6 20. Rxd7 Nxd7 21. Qc3 Bxf3 22. Bxf3 Bxe5 23. fxe5 Qg7 24. Be2 Nxe5 25. Qd2 Qd7 26. Qc3 Qd6 27. a4 Kf7 28. g3 Nd7 29. Qh8 Qf8 30. Qc3 Qg7 31. Qd2 Ke7 32. Kf2 Qe5 33. Bf3 g5 34. h3 Nf6 35. a5 Ne4+ 36. Bxe4 Qxe4 37. axb6 axb6 38. Qa2 Kf6 39. Qb2+ Qe5 40. Qd2 Qc7 41. Kf3 h5 42. g4 fxg4+ 43. hxg4 h4 44. Qf2 Qe5 45. Ke2+ Kg7 46. Kd3 Qd6+ 47. Ke2 Kg6 48. Qg2 Qe5 49. Kd3 Qg3 50. Qxg3 hxg3 51. Ke2 Kf6 52. Kf3 Ke5 53. Kxg3 Ke4 54. Kf2 Kd3 55. Kf3 e5 56. Kf2 e4 57. Kf1 Kxe3 58. Ke1 Kd3 59. Kd1 e3 0-1

[Event "Warsaw YMCA Autumn-B 191st"]
[Site "Warsaw"]
[Date "2017.10.26"]
[Round "6"]
[White "Budrewicz, Henryk"]
[Black "Szukalski, Antoni"]
[Result "0-1"]
[WhiteElo "1486"]
[BlackElo "1769"]
[PlyCount "113"]
[EventDate "2017.09.19"]
[EventType "tourn"]
[EventRounds "13"]
[EventCountry "POL"]
[SourceTitle "EXT 2019"]
[Source "ChessBase"]
[SourceDate "2018.10.10"]
[SourceVersion "1"]
[SourceVersionDate "2018.10.10"]
[SourceQuality "1"]

1. d4 Nf6 2. e3 e6 3. Bd3 d5 4. Nd2 c5 5. c3 Nc6 6. f4 Be7 7. Ngf3 Bd7 8. 0-0 Ng4 9. Qe2 f5 10. h3 Nf6 11. Ne5 0-0 12. Ndf3 Ne4 13. Kh2 Be8 14. Nxc6 bxc6 15. Ne5 a5 16. Bxe4 fxe4 17. Bd2 cxd4 18. exd4 c5 19. Be3 c4 20. Qg4 Rf5 21. Qe2 a4 22. a3 Rb8 23. g4 Rf8 24. g5 Qc7 25. h4 Bd6 26. Rf2 Rb7 27. Rg1 Qe7 28. Rgf1 Rf5 29. h5 Bxe5 30. dxe5 Qf7 31. Kg3 Qxh5 32. Qxh5 Bxh5 33. Rh2 Bf3 34. Rff2 Rf8 35. Bc5 Rc8 36. Bb4 g6 37. Rh6 Bh5 38. Rh2 Rxb4 39. axb4 e3 40. R6xh5 gxh5 41. Kf3 d4 42. cxd4 c3 43. Rc2 cxb2 44. Rxb2 Rc3 45. Ra2 a3 46. b5 Rb3 47. b6 e2+ 48. Kf2 h4 49. b7 h3 50. b8Q+ Rxb8 51. Rxa3 Rb1 52. Kxe2 h2 53. Rh3 h1Q 54. Rxh1 Rxh1 55. Ke3 Re1+ 56. Kf3 Kf7 57. f5 0-1

[Event "Warsaw YMCA Autumn-B 191st"]
[Site "Warsaw"]
[Date "2017.09.26"]
[Round "2"]
[White "Budrewicz, Henryk"]
[Black "Kalejta, Arkadiusz"]
[Result "0-1"]
[WhiteElo "1486"]
[BlackElo "1634"]
[PlyCount "52"]
[EventDate "2017.09.19"]
[EventType "tourn"]
[EventRounds "13"]
[EventCountry "POL"]
[SourceTitle "EXT 2019"]
[Source "ChessBase"]
[SourceDate "2018.10.10"]
[SourceVersion "1"]
[SourceVersionDate "2018.10.10"]
[SourceQuality "1"]

1. d4 d5 2. e3 Nf6 3. Bd3 c5 4. c3 Nc6 5. f4 Bg4 6. Qc2 e6 7. h3 Bh5 8. g4 Bg6 9. Nd2 Bd6 10. Ngf3 Rc8 11. Ne5 cxd4 12. Nxc6 Rxc6 13. f5 Bg3+ 14. Ke2 exf5 15. Bb5 fxg4 16. Bxc6+ bxc6 17. Qa4 0-0 18. cxd4 gxh3 19. Rxh3 Qc7 20. Nf1 Bh5+ 21. Kd3 Bd6 22. Bd2 Qd7 23. Rh1 Qf5+ 24. Kc3 Ne4+ 25. Kb3 Nxd2+ 26. Kc3 Ne4+ 0-1

[Event "Lazy op 13th"]
[Site "Lazy"]
[Date "2017.06.26"]
[Round "2"]
[White "Kukula, Karol"]
[Black "Budrewicz, Henryk"]
[Result "1-0"]
[WhiteElo "1769"]
[BlackElo "1504"]
[PlyCount "65"]
[EventDate "2017.06.25"]
[EventType "swiss"]
[EventRounds "9"]
[EventCountry "POL"]
[SourceTitle "EXT 2018"]
[Source "ChessBase"]
[SourceDate "2017.10.13"]
[SourceVersion "1"]
[SourceVersionDate "2017.10.13"]
[SourceQuality "1"]

1. e4 c6 2. d4 d6 3. Nc3 Qc7 4. f4 e5 5. Nf3 Bg4 6. dxe5 dxe5 7. h3 Bxf3 8. Qxf3 Nd7 9. Bc4 Ngf6 10. Be3 Bd6 11. f5 Bc5 12. Bxc5 Nxc5 13. Qe3 Ncd7 14. 0-0-0 0-0 15. g4 b5 16. Bb3 a5 17. g5 a4 18. gxf6 Nxf6 19. Rdg1 axb3 20. cxb3 Ne8 21. f6 g6 22. Rf1 Qd6 23. Qg5 b4 24. Na4 c5 25. h4 c4 26. h5 cxb3 27. hxg6 Qc6+ 28. Kb1 bxa2+ 29. Ka1 fxg6 30. Rxh7 Rxf6 31. Rfh1 Rxa4 32. Qxe5 Ra8 33. Qe7 1-0

[Event "Warsaw YMCA Spring-C 185th"]
[Site "Warsaw"]
[Date "2017.06.21"]
[Round "13"]
[White "Szumigaj, Marcin"]
[Black "Budrewicz, Henryk"]
[Result "1-0"]
[WhiteElo "1396"]
[BlackElo "1427"]
[PlyCount "59"]
[EventDate "2017.04.06"]
[EventType "tourn"]
[EventRounds "13"]
[EventCountry "POL"]
[SourceTitle "EXT 2019"]
[Source "ChessBase"]
[SourceDate "2018.10.10"]
[SourceVersion "1"]
[SourceVersionDate "2018.10.10"]
[SourceQuality "1"]

1. d4 c6 2. c4 d6 3. Nf3 Qc7 4. Nc3 e5 5. g3 Bg4 6. Bg2 Nd7 7. 0-0 Ngf6 8. e4 Be7 9. h3 Bh5 10. Be3 0-0 11. g4 Bg6 12. Nh4 a5 13. Nf5 Qd8 14. f4 Re8 15. Nxe7+ Qxe7 16. f5 exd4 17. Bxd4 Ne5 18. fxg6 hxg6 19. b3 Nfd7 20. Qc2 Qg5 21. Qf2 Qe7 22. Na4 c5 23. Bxe5 dxe5 24. Nc3 Nb6 25. Rad1 f6 26. Nd5 Nxd5 27. Rxd5 b6 28. Rfd1 Red8 29. Qd2 Rxd5 30. Qxd5+ 1-0

[Event "Warsaw YMCA Spring-C 185th"]
[Site "Warsaw"]
[Date "2017.05.10"]
[Round "6"]
[White "Budrewicz, Henryk"]
[Black "Mazurek, Jerzy"]
[Result "0-1"]
[WhiteElo "1427"]
[BlackElo "1444"]
[PlyCount "116"]
[EventDate "2017.04.06"]
[EventType "tourn"]
[EventRounds "13"]
[EventCountry "POL"]
[SourceTitle "EXT 2019"]
[Source "ChessBase"]
[SourceDate "2018.10.10"]
[SourceVersion "1"]
[SourceVersionDate "2018.10.10"]
[SourceQuality "1"]

1. d4 Nf6 2. e3 c5 3. c3 b6 4. Bd3 d5 5. Nd2 e6 6. f4 Be7 7. Qe2 0-0 8. Ngf3 a5 9. a4 Ba6 10. 0-0 Bxd3 11. Qxd3 Nc6 12. Ne5 Qc7 13. Rf3 Na7 14. b3 Nc8 15. Bb2 Nd6 16. Rh3 Nfe4 17. Qe2 g6 18. Rc1 Nxd2 19. Qxd2 Ne4 20. Qe2 cxd4 21. exd4 f6 22. Nd3 Bd6 23. Qe3 Rac8 24. c4 Qe7 25. Nf2 f5 26. Nd3 Rc6 27. Ne5 Bxe5 28. dxe5 dxc4 29. bxc4 Rd8 30. Ba3 Qd7 31. Bd6 Nxd6 32. Rd1 Qc7 33. exd6 Rcxd6 34. Rxd6 Qxd6 35. Rf3 Kf7 36. h3 Qd4 37. g3 Qxc4 38. Qxb6 Qd4+ 39. Qxd4 Rxd4 40. Ra3 Kf6 41. Kf2 e5 42. fxe5+ Kxe5 43. Kf3 g5 44. Re3+ Re4 45. Ra3 h5 46. Kf2 h4 47. gxh4 Rxh4 48. Kg2 Re4 49. Kf3 g4+ 50. hxg4 Rxg4 51. Re3+ Re4 52. Ra3 Kd5 53. Rd3+ Kc5 54. Ra3 Rc4 55. Re3 Kb4 56. Re5 f4 57. Rb5+ Kxa4 58. Kf2 Kxb5 0-1

[Event "Warsaw YMCA Spring-C 185th"]
[Site "Warsaw"]
[Date "2017.04.13"]
[Round "1"]
[White "Budrewicz, Henryk"]
[Black "Kwiek, Janusz"]
[Result "1-0"]
[WhiteElo "1427"]
[BlackElo "1466"]
[PlyCount "53"]
[EventDate "2017.04.06"]
[EventType "tourn"]
[EventRounds "13"]
[EventCountry "POL"]
[SourceTitle "EXT 2019"]
[Source "ChessBase"]
[SourceDate "2018.10.10"]
[SourceVersion "1"]
[SourceVersionDate "2018.10.10"]
[SourceQuality "1"]

1. d4 Nf6 2. e3 d5 3. Bd3 e6 4. Nd2 c5 5. c3 Bd6 6. f4 Nc6 7. Ngf3 c4 8. Bc2 b5 9. Ne5 Ne7 10. 0-0 0-0 11. g4 Bb7 12. Qf3 Nd7 13. e4 f6 14. Nxd7 Qxd7 15. Qh3 f5 16. e5 Bc7 17. Nf3 Ng6 18. g5 a5 19. Bd2 Bc6 20. a3 Qe7 21. Qg3 Be8 22. Kf2 Qf7 23. Rh1 h6 24. gxh6 gxh6 25. Rag1 Kh7 26. Qh3 Rg8 27. Ng5+ 1-0

[Event "Warsaw YMCA Spring-C 185th"]
[Site "Warsaw"]
[Date "2017.04.12"]
[Round "2"]
[White "Duda, Ryszard"]
[Black "Budrewicz, Henryk"]
[Result "0-1"]
[WhiteElo "1453"]
[BlackElo "1427"]
[PlyCount "104"]
[EventDate "2017.04.06"]
[EventType "tourn"]
[EventRounds "13"]
[EventCountry "POL"]
[SourceTitle "EXT 2019"]
[Source "ChessBase"]
[SourceDate "2018.10.10"]
[SourceVersion "1"]
[SourceVersionDate "2018.10.10"]
[SourceQuality "1"]

1. e4 c6 2. d4 d6 3. Nf3 Qc7 4. Be2 Bg4 5. 0-0 e5 6. c3 Nd7 7. Be3 Ngf6 8. Nbd2 Be7 9. h3 Bh5 10. Rc1 Bg6 11. Bd3 0-0 12. Qc2 a5 13. a4 Rfb8 14. b3 Nf8 15. dxe5 dxe5 16. Nc4 N6d7 17. Ncd2 Ne6 18. g3 Bc5 19. Bxc5 Ndxc5 20. Nh4 Nxd3 21. Qxd3 Rd8 22. Qe3 Qe7 23. Nxg6 hxg6 24. Rfd1 Nc5 25. Qe2 Rd7 26. Rb1 Rad8 27. Nc4 Rxd1+ 28. Rxd1 Rxd1+ 29. Qxd1 Nxe4 30. Qd3 Nc5 31. Qc2 Qc7 32. b4 axb4 33. cxb4 Ne6 34. h4 b5 35. Na5 Nd4 36. Qd1 f5 37. axb5 cxb5 38. Nb3 Qc3 39. Nxd4 exd4 40. h5 gxh5 41. Qxh5 Qe1+ 42. Kg2 Qe4+ 43. Qf3 d3 44. Qxe4 fxe4 45. Kf1 Kf7 46. Ke1 Ke6 47. Kd2 Kd5 48. Kc3 g6 49. f4 exf3 50. Kxd3 f2 51. Ke2 Kc4 52. Kxf2 Kxb4 0-1

[Event "Warsaw YMCA Winter-C 181st"]
[Site "Warsaw"]
[Date "2017.02.07"]
[Round "5"]
[White "Budrewicz, Henryk"]
[Black "Fieducik, Marcin"]
[Result "0-1"]
[WhiteElo "1454"]
[BlackElo "1425"]
[PlyCount "86"]
[EventDate "2017.01.11"]
[EventType "tourn"]
[EventRounds "11"]
[EventCountry "POL"]
[SourceTitle "EXT 2019"]
[Source "ChessBase"]
[SourceDate "2018.10.10"]
[SourceVersion "1"]
[SourceVersionDate "2018.10.10"]
[SourceQuality "1"]

1. d4 d5 2. Bf4 Nf6 3. e3 e6 4. h3 c5 5. c3 Nc6 6. Bd3 Be7 7. Nd2 0-0 8. Ngf3 Nh5 9. Bh2 f5 10. Ne5 Nf6 11. f4 Ne4 12. 0-0 Nxe5 13. fxe5 c4 14. Bc2 Bg5 15. Qe2 b5 16. a3 Bh4 17. Nxe4 fxe4 18. Rxf8+ Qxf8 19. Rf1 Qe8 20. Qg4 Be7 21. Bd1 a5 22. Bf4 b4 23. axb4 axb4 24. Qe2 Ra2 25. Qd2 bxc3 26. Qxc3 Qb5 27. Rf2 Bb4 28. Qc1 Qa5 29. Kh2 Bd7 30. Bg3 Ra1 31. Qc2 Ba4 32. Bg4 Bxc2 33. Bxe6+ Kh8 34. Bh4 Bd3 35. Rf7 Rf1 36. Rd7 h6 37. Bxd5 Qa1 38. Rd8+ Kh7 39. Bg8+ Kg6 40. e6 Rh1+ 41. Kg3 Qe1+ 42. Kg4 Be2+ 43. Kf4 Qxh4+ 0-1

[Event "Warsaw YMCA Winter-C 181st"]
[Site "Warsaw"]
[Date "2017.01.24"]
[Round "3"]
[White "Budrewicz, Henryk"]
[Black "Duda, Ryszard"]
[Result "1-0"]
[WhiteElo "1454"]
[BlackElo "1445"]
[PlyCount "91"]
[EventDate "2017.01.11"]
[EventType "tourn"]
[EventRounds "11"]
[EventCountry "POL"]
[SourceTitle "EXT 2019"]
[Source "ChessBase"]
[SourceDate "2018.10.10"]
[SourceVersion "1"]
[SourceVersionDate "2018.10.10"]
[SourceQuality "1"]

1. d4 Nf6 2. Bf4 d5 3. e3 c5 4. c3 cxd4 5. exd4 Bf5 6. Qb3 b6 7. Nf3 Nbd7 8. Bb5 Qc8 9. Ne5 a6 10. Bc6 e6 11. Bxa8 Qxa8 12. Nxd7 Nxd7 13. 0-0 Be7 14. Nd2 0-0 15. Rfe1 Qc6 16. a4 Rc8 17. Rac1 b5 18. axb5 axb5 19. h3 h6 20. g4 Bd3 21. Re3 Bc4 22. Qc2 b4 23. cxb4 Bxb4 24. Nf3 Qb6 25. Qa4 Nf8 26. Ra1 Be7 27. b3 Bb5 28. Qa7 Bd8 29. Ree1 Ng6 30. Bg3 Be8 31. Qxb6 Bxb6 32. Rec1 Rxc1+ 33. Rxc1 Bd7 34. Ra1 Ne7 35. Ra6 Nc8 36. Ra8 f6 37. h4 Kf7 38. g5 hxg5 39. hxg5 Ke7 40. Bh4 Bc7 41. g6 Kd8 42. Bxf6+ Ke8 43. Bxg7 Bd8 44. Ne5 Ne7 45. Bf6 Nc6 46. g7 1-0

[Event "Warsaw YMCA Winter-C 181st"]
[Site "Warsaw"]
[Date "2017.01.11"]
[Round "1"]
[White "Budrewicz, Henryk"]
[Black "Tkaczyk, Weronika"]
[Result "0-1"]
[WhiteElo "1454"]
[BlackElo "1525"]
[PlyCount "52"]
[EventDate "2017.01.11"]
[EventType "tourn"]
[EventRounds "11"]
[EventCountry "POL"]
[SourceTitle "EXT 2019"]
[Source "ChessBase"]
[SourceDate "2018.10.10"]
[SourceVersion "1"]
[SourceVersionDate "2018.10.10"]
[SourceQuality "1"]

1. d4 Nf6 2. e3 e6 3. Bd3 b6 4. Qe2 Bb7 5. Nf3 c5 6. Nbd2 Nc6 7. c3 d5 8. 0-0 c4 9. Bc2 Bd6 10. e4 Be7 11. e5 Nd7 12. g3 g5 13. h3 Qc7 14. Nh2 0-0-0 15. b4 h5 16. Ndf3 Rdg8 17. g4 hxg4 18. hxg4 Rh3 19. Kg2 Rgh8 20. Rh1 f6 21. exf6 Nxf6 22. Qxe6+ Kb8 23. Ne5 Nxe5 24. Bxg5 Rxh2+ 25. Rxh2 Rxh2+ 26. Kxh2 Nexg4+ 0-1